| 000 | 00553nam a2200169 i 4500 | ||
|---|---|---|---|
| 001 | 23921 | ||
| 003 | ES-MaACL | ||
| 005 | 20230906152946.0 | ||
| 007 | t| | ||
| 008 | 021213s1972 sp ||||1| baq d | ||
| 100 | 1 |
_aAnsola Larrañaga, Cruz. _921843 |
|
| 245 | 1 | 0 |
_aUSA-ren agintaritza eta dolarraren ahulezia _b: ekonomia / _cCruz Ansola Larrañaga ; azala: Iñaki Larrañaga Iglesias. |
| 260 |
_aBilbao : _bMensajero, _c[1972] |
||
| 300 |
_a156 p. ; _c18 cm. |
||
| 700 | 1 |
_aLarrañaga Iglesias, Iñaki. _970314 |
|
| 852 |
_aES-MaACL _jC-53522 _bR.85144 |
||
| 999 |
_c23921 _d23921 |
||